Dôležitosť etických kompetencií lektora ďalšieho vzdelávania

Základné kompetencie lektora: andragogické, sociálne a poznávacie (kognitívne). Etická kompetencia lektora. Prieskum AIVD o kompetenciách lektora. Podiel etických kompetencií lektora v databázach na národnej a európskej úrovni.

Guardado en:
Detalles Bibliográficos
Autor principal: Skúpa, Michaela
Formato: Capítulo de libro
Lenguaje:eslovaco
Materias:
Etiquetas: Agregar Etiqueta
Sin Etiquetas, Sea el primero en etiquetar este registro!

MARC

LEADER 00000naa$a2200000$$$4500
001 0253713
005 20190520103147.4
041 0 |a slo 
044 |a CZ 
245 1 0 |a Dôležitosť etických kompetencií lektora ďalšieho vzdelávania  |c Michaela Skúpa 
520 |a Základné kompetencie lektora: andragogické, sociálne a poznávacie (kognitívne). Etická kompetencia lektora. Prieskum AIVD o kompetenciách lektora. Podiel etických kompetencií lektora v databázach na národnej a európskej úrovni. 
610 2 0 |a vzdelávanie ďalšie 
610 2 0 |a vzdelávanie dospelých 
610 2 0 |a učitelia 
610 2 0 |a kompetencie 
610 2 0 |a komunikácia 
610 2 0 |a etika 
610 2 0 |a prieskum 
610 2 0 |a báza dát 
100 1 |a Skúpa, Michaela